Statistics for Super Brandon Quiz

Click here to take the quiz!

General Stats

  • This quiz has been taken 2 times
  • The average score is 4 of 7

Answer Stats

HintAnswer% Correct
favorite colorblue
100%
what size shoe (US)9
50%
what brand was his first carbmw
50%
favorite futbol teammanchester united
50%
what state is he frommaryland
50%
was he on the swim team?yes
50%
what brand is his motoharley davidson
0%

Score Distribution

Percentile by Number Answered

Percent of People with Each Score

Your Score History

You have not taken this quiz